Brigham and Women's Hospital, Boston, Massachusetts /

Bibliographic Details
Corporate Author: National Institute for Occupational Safety and Health
Other Authors: Kawamoto, Melody M.
Format: Government Document Book
Language:English
Published: [Atlanta, Ga.] : U.S. Dept. of Health and Human Services, Public Health Service, Centers for Disease Control and Prevention, National Institute for Occupational Safety and Health, [1998]
Series:NIOSH health hazard evaluation report ; HETA 96-0012-2652.
Subjects:

MARC

Tag First Indicator Second Indicator Subfields
LEADER 00000cam a2200000 a 4500
001 in00000001345
005 20151007050413.0
008 980929s1998 gau b f000 0 eng d
035 |a (OCoLC)39957022 
035 |9 AJB2785AM 
040 |a DGPO  |c DGPO  |d DLC  |d MvI  |d UtOrBLW 
043 |a n-us-ma 
049 |a UDOC 
074 |a 0499-F-16 
086 0 |a HE 20.7125/2:96-0012-2652 
245 0 0 |a Brigham and Women's Hospital, Boston, Massachusetts /  |c Melody M. Kawamoto [and others]. 
264 1 |a [Atlanta, Ga.] :  |b U.S. Dept. of Health and Human Services, Public Health Service, Centers for Disease Control and Prevention, National Institute for Occupational Safety and Health,  |c [1998] 
300 |a v, 117 pages ;  |c 28 cm. 
336 |a text  |b txt  |2 rdacontent 
337 |a unmediated  |b n  |2 rdamedia 
338 |a volume  |b nc  |2 rdacarrier 
490 1 |a NIOSH health hazard evaluation report ;  |v HETA 96-0012-2652 
500 |a Cover title. 
500 |a Shipping list number: 98-0354-P. 
500 |a "September 1997"--P. iii. 
504 |a Includes bibliographical references (pages 38-40). 
610 2 0 |a Brigham and Women's Hospital. 
650 0 |a Work environment  |z Massachusetts  |z Boston. 
650 0 |a Air  |x Pollution  |z Massachusetts  |z Boston. 
700 1 |a Kawamoto, Melody M. 
710 2 |a National Institute for Occupational Safety and Health. 
830 0 |a NIOSH health hazard evaluation report ;  |v HETA 96-0012-2652. 
999 |a MARS 
999 f f |s 2ac08a6b-532d-30d0-8e71-d02be7bd8c20  |i f7e26479-8339-3e97-b206-d978655c491d  |t 0 
952 f f |p normal  |a Texas A&M University  |b College Station  |c Sterling C. Evans Library  |d Evans: US Documents (Annex 5th floor)  |t 0  |e HE 20.7125/2:96-0012-2652  |h Superintendent of Documents classification  |i unmediated -- volume  |m A14827466177 
998 f f |a HE 20.7125/2:96-0012-2652  |t 0  |l Evans: US Documents (Annex 5th floor)